Toutes les cartes de Chocogrenouilles dans Harry Potter - Statistiques

Statistiques générales
  • Ce quiz a été pris 17 fois
  • Le résultat moyen est 26 sur 149
Statistiques - réponses
Type de personnage Personnage représenté % Correct
Sorcier(e) célèbre Albus Dumbledore
92%
Sorcier(e) célèbre Harry Potter
54%
Sorcier(e) célèbre Ron Weasley
54%
Sorcier(e) célèbre Hermione Granger
46%
Sorcier(e) célèbre Quong Po
46%
Sorcier(e) célèbre Godric Gryffondor
38%
Sorcier(e) célèbre Helga Poufsouffle
38%
Sorcier(e) célèbre Minerva McGonagall
38%
Sorcier(e) célèbre Rowena Serdaigle
38%
Sorcier(e) célèbre Salazar Serpentard
38%
Gobelin célèbre Ug le Pafiable
38%
Gobelin célèbre Urg le Malpropre
38%
Sorcier(e) célèbre Merlin
31%
Sorcier(e) célèbre Norbert Dragonneau
31%
Sorcier(e) célèbre Armando Dippet
23%
Créature célèbre Botruc
23%
Sorcier(e) célèbre Elfrida Clagg
23%
Sorcier(e) célèbre Gwenog Jones
23%
Créature célèbre Licorne
23%
Sorcier(e) célèbre Miranda Fauconnette
23%
Vampire célèbre Vlad Dracula
23%
Sorcier(e) célèbre Adalbert Lasornette
15%
Sorcier(e) célèbre Alberic Grunnion
15%
Sorcier(e) célèbre Alberta Toothill
15%
Gobelin célèbre Alguff le Fétide
15%
Sorcier(e) célèbre Almerick Sawbridge
15%
Vampire célèbre Amarillo Lestoat
15%
Sorcier(e) célèbre Andros l'Invincible
15%
Sorcier(e) célèbre Archibald Alderton
15%
Sorcier(e) célèbre Artemisia Lufkin
15%
Sorcier(e) célèbre Balfour Blane
15%
Sorcier(e) célèbre Barberus Bragge
15%
Sorcier(e) célèbre Beatrix Bloxam
15%
Sorcier(e) célèbre Beaumont Marjoribanks
15%
Sorcier(e) célèbre Bertie Crochue
15%
Sorcier(e) célèbre Blenheim Stalk
15%
Vampire célèbre Blodwyn Bludd
15%
Sorcier(e) célèbre Bowman Wright
15%
Géant célèbre Bran l'Ogre
15%
Sorcier(e) célèbre Brigitte Wenlock
15%
Sorcier(e) célèbre Burdock Muldoon
15%
Sorcier(e) célèbre Carlotta Pinkstone
15%
Vampire célèbre Carmilla Sanguina
15%
Sorcier(e) célèbre Cassandra Vablatsky
15%
Sorcier(e) célèbre Célestina Moldubec
15%
Sorcier(e) célèbre Chauncey Oldridge
15%
Sorcier(e) célèbre Circé
15%
Harpie célèbre Cordelia Misericordia
15%
Sorcier(e) célèbre Cornelius Agrippa
15%
Dragon célèbre Cornelongue roumain
15%
Sorcier(e) célèbre Crispin Cronk
15%
Sorcier(e) célèbre Cyprien Youdle
15%
Sorcier(e) célèbre Daisy Dodderidge
15%
Sorcier(e) célèbre Derwent Shimpling
15%
Sorcier(e) célèbre Devlin Corneblanche
15%
Sorcier(e) célèbre Donaghan Tremlett
15%
Sorcier(e) célèbre Dorcas Bienaimée
15%
Sorcier(e) célèbre Dunbar Oglethorpe
15%
Sorcier(e) célèbre Dymphna Furmage
15%
Sorcier(e) célèbre Dzou Yen
15%
Gobelin célèbre Eargit l'Affreux
15%
Sorcier(e) célèbre Edgar Stroulger
15%
Sorcier(e) célèbre Elladora Ketteridge
15%
Sorcier(e) célèbre Ethelred Toujourprêt
15%
Sorcier(e) célèbre Falco Aesalon
15%
Sorcier(e) célèbre Félix Labeille
15%
Sorcier(e) célèbre Flavius Belby
15%
Sorcier(e) célèbre Fulbert Latrouille
15%
Sorcier(e) célèbre Gaspard Shingleton
15%
Sorcier(e) célèbre Gédéon Miette
15%
Sorcier(e) célèbre Gifford Ollerton
15%
Sorcier(e) célèbre Glanmore Peakes
15%
Sorcier(e) célèbre Glenda Chittock
15%
Sorcier(e) célèbre Glover Hipworth
15%
Sorcier(e) célèbre Gondoline Oliphant
15%
Harpie célèbre Grand-maman Hubbard
15%
Sorcier(e) célèbre Gregory le Hautain
15%
Sorcier(e) célèbre Greta Grandamour
15%
Sorcier(e) célèbre Grogan Stump
15%
Sorcier(e) célèbre Gulliver Pokeby
15%
Sorcier(e) célèbre Gunhilda de Gorsemoor
15%
Sorcier(e) célèbre Gwendoline la Fantasque
15%
Sorcier(e) célèbre Havelock Sweeting
15%
Sorcier(e) célèbre Heathcote Barbary
15%
Géant célèbre Hengist de Barnton
15%
Sorcier(e) célèbre Hengist de Woodcroft
15%
Vampire célèbre Herbert Varney
15%
Sorcier(e) célèbre Herman Wintringham
15%
Sorcier(e) célèbre Herpo l'Infâme
15%
Sorcier(e) célèbre Hesper Starkey
15%
Sorcier(e) célèbre Honoria Nutcombe
15%
Sorcier(e) célèbre Ignatia Wildsmith
15%
Sorcier(e) célèbre Jocelyn Wadcock
15%
Sorcier(e) célèbre Jocunda Sykes
15%
Sorcier(e) célèbre Justus Pilliwickle
15%
Sorcier(e) célèbre Kirley Duke
15%
Sorcier(e) célèbre Laverne de Montmorency
15%
Sorcier(e) célèbre Léopoldine Smethwyck
15%
Harpie célèbre Leticia Somnolens
15%
Dragon célèbre Magyar à pointes
15%
Harpie célèbre Malodora Grymm
15%
Sorcier(e) célèbre Merton Graves
15%
Sorcier(e) célèbre Merwyn le Malicieux
15%
Sorcier(e) célèbre Mirabella Plunkett
15%
Sorcier(e) célèbre Montague Knightley
15%
Sorcier(e) célèbre Mungo Bonham
15%
Sorcier(e) célèbre Musidora Barkwith
15%
Sorcier(e) célèbre Myron Wagtail
15%
Sorcier(e) célèbre Norvel Twonk
15%
Sorcier(e) célèbre Orsino Thruston
15%
Sorcier(e) célèbre Oswald Beamish
15%
Sorcier(e) célèbre Perpetua Fancourt
15%
Sorcier(e) célèbre Reine Maëva
15%
Sorcier(e) célèbre Roderick Plumpton
15%
Sorcier(e) célèbre Roland Tonneau
15%
Sorcier(e) célèbre Sacharissa Tugwood
15%
Sorcier(e) célèbre Stoddard Withers
15%
Sorcier(e) célèbre Thadée Thurkell
15%
Sorcier(e) célèbre Tilly Toke
15%
Créature célèbre Triton à double queue
15%
Créature célèbre Troll des montagnes
15%
Sorcier(e) célèbre Ulric le Follingue
15%
Dragon célèbre Vert gallois
15%
Sorcier(e) célèbre Wilfrid Elphick
15%
Sorcier(e) célèbre Xavier Rastrick
15%
Sorcier(e) célèbre Yardley Platt
15%
Harpie célèbre Babayaga
8%
Créature célèbre Billywig
8%
Créature célèbre Calmar géant
8%
Sorcier(e) célèbre Cliodna
8%
Créature célèbre Crapaud violet géant
8%
Géant célèbre Cyclope
8%
Créature célèbre Diablotin
8%
Créature célèbre Doxy
8%
Créature célèbre Gnome
8%
Géant célèbre Goliath
8%
Gobelin célèbre Gringott
8%
Créature célèbre Gytrash
8%
Créature célèbre Kelpy
8%
Créature célèbre Manticore
8%
Sorcier(e) célèbre Mopsus
8%
Sorcier(e) célèbre Morgane
8%
Géant célèbre Morholt
8%
Créature célèbre Musard
8%
Dragon célèbre Noir des Hébrides
8%
Dragon célèbre Norvégien à crête
8%
Sorcier(e) célèbre Paracelse
8%
Créature célèbre Phénix
8%
Sorcier(e) célèbre Ptolémée
8%
Aucun quiz correspondant
Distribution des résultats
% des personnes avec chaque résultat
Percentile par nombre de réponses
Votre historique - résultats
Vous n’avez pas pris ce quiz